| 000 | 00565nam a2200181Ia 4500 | ||
|---|---|---|---|
| 008 | 151018s9999 xx 000 0 und d | ||
| 082 |
_bRBASDV36244 _a891.463 |
||
| 100 | _aविलास गोरे | ||
| 245 | _aललाट रेषा | ||
| 250 | _b1 | ||
| 260 |
_bमनोकामना प्रका. इस्लामपूर _c2003 |
||
| 300 | _a286 | ||
| 600 | _aविलास गोरे | ||
| 630 | _aललाट रेषा | ||
| 700 | _aविलास गोरे | ||
| 730 | _aललाट रेषा | ||
| 942 | _cBOOK | ||
| 999 |
_c1035706 _d1035703 |
||